[Event "ODJM A 2024"]
[Site "Willingen GER"]
[Date "2024.05.22"]
[Round "5"]
[White "Kruse, Victor"]
[Black "Brockhoff, Moritz"]
[Result "1-0"]
[Termination "normal"]
[Board "1"]
[WhiteElo "2030"]
[BlackElo "2013"]
[WhiteClock "00:49:15"]
[BlackClock "00:11:49"]
[PlyCount "58"]
[WhiteFideId "16256964"]
[BlackFideId "16214927"]
[EventCountry "GER"]
[EventRounds "9"]
[EventType "swiss"]
[EventDate "2024.05.18"]

1. d4 {[%clk 01:30:51]} {[%emt 00:00:08]} Nf6 {[%clk 01:30:54]} {[%emt
00:00:07]} 2. c4 {[%clk 01:31:12]} {[%emt 00:00:08]} e6 {[%clk 01:31:19]}
{[%emt 00:00:05]} 3. Nf3 {[%clk 01:31:28]} {[%emt 00:00:14]} c5 {[%clk
01:31:39]} {[%emt 00:00:10]} 4. d5 {[%clk 01:31:39]} {[%emt 00:00:19]} b5
{[%clk 01:31:39]} {[%emt 00:00:31]} 5. dxe6 {[%clk 01:32:00]} {[%emt 00:00:09]}
fxe6 {[%clk 01:32:05]} {[%emt 00:00:04]} 6. cxb5 {[%clk 01:32:24]} {[%emt
00:00:06]} d5 {[%clk 01:32:32]} {[%emt 00:00:03]} 7. e3 {[%clk 01:32:42]}
{[%emt 00:00:12]} Nbd7 {[%clk 01:32:16]} {[%emt 00:00:45]} 8. b3 {[%clk
01:31:16]} {[%emt 00:01:57]} Bd6 {[%emt 00:05:28]} 9. Bb2 {[%clk 01:26:54]}
{[%emt 00:00:02]} e5 {[%clk 01:30:20]} 10. e4 {[%clk 01:26:43]} {[%emt
00:02:59]} d4 {[%clk 01:09:59]} 11. Nbd2 {[%clk 01:20:26]} {[%emt 00:27:37]}
Qa5 {[%clk 01:00:28]} 12. Bd3 {[%clk 01:18:27]} {[%emt 00:12:30]} a6 {[%emt
00:03:03]} 13. a4 {[%emt 00:05:03]} O-O {[%clk 00:55:19]} {[%emt 00:00:42]} 14.
O-O {[%clk 01:16:13]} {[%emt 00:00:35]} Nb6 {[%clk 00:55:45]} {[%emt 00:00:04]}
15. Nc4 {[%clk 01:15:00]} {[%emt 00:01:43]} Nxc4 {[%clk 00:56:10]} {[%emt
00:00:05]} 16. Bxc4+ {[%clk 01:15:26]} {[%emt 00:00:05]} Kh8 {[%clk 00:56:35]}
{[%emt 00:00:04]} 17. Ng5 {[%clk 01:14:27]} {[%emt 00:01:30]} Ra7 {[%clk
00:54:48]} {[%emt 00:02:17]} 18. Qe1 {[%clk 01:10:17]} {[%emt 00:04:40]} Qxe1
{[%clk 00:50:40]} {[%emt 00:04:38]} 19. Rfxe1 {[%clk 01:09:19]} {[%emt
00:01:28]} h6 {[%clk 00:50:36]} {[%emt 00:00:34]} 20. Nf3 {[%clk 01:08:54]}
{[%emt 00:00:55]} Bb7 {[%clk 00:46:53]} {[%emt 00:04:13]} 21. Nd2 {[%clk
01:06:26]} {[%emt 00:02:57]} Bc7 {[%clk 00:24:28]} {[%emt 00:22:56]} 22. f3
{[%clk 01:03:39]} {[%emt 00:03:16]} Ba5 {[%clk 00:24:01]} {[%emt 00:00:57]} 23.
Red1 {[%clk 01:03:23]} {[%emt 00:00:46]} g5 {[%clk 00:22:59]} {[%emt 00:01:33]}
24. Ba3 {[%clk 00:59:15]} {[%emt 00:04:38]} Rc8 {[%clk 00:16:42]} {[%emt
00:06:47]} 25. Be6 {[%clk 00:50:52]} {[%emt 00:08:53]} Rc7 {[%clk 00:11:32]}
{[%emt 00:05:41]} 26. Nc4 {[%clk 00:50:58]} {[%emt 00:00:23]} axb5 {[%clk
00:11:58]} {[%emt 00:00:04]} 27. axb5 {[%clk 00:51:17]} {[%emt 00:00:11]} Bc8
{[%clk 00:11:22]} {[%emt 00:01:07]} 28. Bxc8 {[%clk 00:48:54]} {[%emt
00:02:52]} Rxc8 {[%clk 00:11:49]} {[%emt 00:00:03]} 29. b6 {[%clk 00:49:15]}
{[%emt 00:00:09]} Raa8 {[%emt 00:00:11]} 1-0

[Event "ODJM A 2024"]
[Site "Willingen GER"]
[Date "2024.05.22"]
[Round "5"]
[White "Vollbehr, Bjarne"]
[Black "Uhlmann, Tim"]
[Result "0-1"]
[Termination "normal"]
[Board "2"]
[WhiteElo "1927"]
[BlackElo "1920"]
[WhiteClock "00:24:55"]
[BlackClock "00:44:06"]
[PlyCount "132"]
[WhiteFideId "34606025"]
[BlackFideId "16239210"]
[EventCountry "GER"]
[EventRounds "9"]
[EventType "swiss"]
[EventDate "2024.05.18"]

1. d4 {[%clk 01:30:56]} {[%emt 00:00:03]} Nf6 {[%clk 01:30:49]} {[%emt
00:00:12]} 2. c4 {[%clk 01:30:43]} {[%emt 00:00:42]} e6 {[%clk 01:31:00]}
{[%emt 00:00:20]} 3. Nf3 {[%clk 01:31:05]} {[%emt 00:00:07]} b6 {[%clk
01:31:23]} {[%emt 00:00:08]} 4. g3 {[%clk 01:31:28]} {[%emt 00:00:07]} Bb7
{[%clk 01:31:47]} {[%emt 00:00:05]} 5. Bg2 {[%clk 01:31:38]} {[%emt 00:00:20]}
Be7 {[%clk 01:32:05]} {[%emt 00:00:12]} 6. O-O {[%clk 01:25:58]} {[%emt
00:06:10]} O-O {[%clk 01:32:15]} {[%emt 00:00:21]} 7. d5 {[%clk 01:20:44]}
{[%emt 00:05:45]} exd5 {[%clk 01:31:38]} {[%emt 00:01:07]} 8. Nh4 {[%clk
01:21:07]} {[%emt 00:00:06]} c6 {[%clk 01:30:45]} {[%emt 00:01:22]} 9. cxd5
{[%clk 01:21:17]} {[%emt 00:00:21]} Nxd5 {[%clk 01:30:49]} {[%emt 00:00:26]}
10. Nf5 {[%clk 01:20:58]} {[%emt 00:00:48]} Bf6 {[%clk 01:29:05]} {[%emt
00:02:14]} 11. e4 {[%clk 01:20:11]} {[%emt 00:01:17]} Ne7 {[%clk 01:25:21]}
{[%emt 00:04:14]} 12. Nd6 {[%clk 01:18:13]} {[%emt 00:02:29]} Ba6 {[%clk
01:25:29]} {[%emt 00:00:21]} 13. Re1 {[%clk 01:18:26]} {[%emt 00:00:17]} Be5
{[%clk 01:25:23]} {[%emt 00:00:36]} 14. Nc3 {[%clk 01:15:55]} {[%emt 00:03:01]}
Qc7 {[%clk 01:22:26]} {[%emt 00:03:27]} 15. Bf4 {[%clk 01:14:17]} {[%emt
00:02:08]} Ng6 {[%clk 01:19:48]} {[%emt 00:03:08]} 16. Bxe5 {[%clk 01:13:19]}
{[%emt 00:01:29]} Nxe5 {[%clk 01:19:24]} {[%emt 00:00:54]} 17. Qd4 {[%clk
01:08:28]} {[%emt 00:05:20]} Nd3 {[%clk 01:18:10]} {[%emt 00:01:44]} 18. Ncb5
{[%clk 00:50:31]} {[%emt 00:18:26]} Bxb5 {[%clk 01:16:50]} {[%emt 00:01:50]}
19. Nxb5 {[%clk 00:50:44]} {[%emt 00:00:17]} cxb5 {[%clk 01:17:18]} {[%emt
00:00:03]} 20. Qxd3 {[%clk 00:50:57]} {[%emt 00:00:17]} Nc6 {[%clk 01:17:03]}
{[%emt 00:00:45]} 21. Qxb5 {[%clk 00:49:44]} {[%emt 00:01:43]} Rae8 {[%clk
01:16:15]} {[%emt 00:01:18]} 22. Red1 {[%clk 00:48:04]} {[%emt 00:02:10]} Re5
{[%clk 01:11:41]} {[%emt 00:05:04]} 23. Qd3 {[%clk 00:47:43]} {[%emt 00:00:50]}
Rd8 {[%clk 01:10:06]} {[%emt 00:02:06]} 24. Rac1 {[%clk 00:46:42]} {[%emt
00:01:31]} Rc5 {[%clk 01:09:31]} {[%emt 00:01:05]} 25. Rxc5 {[%clk 00:44:31]}
{[%emt 00:02:42]} bxc5 {[%clk 01:09:53]} {[%emt 00:00:06]} 26. Qc3 {[%clk
00:39:29]} {[%emt 00:05:32]} d6 {[%clk 01:05:51]} {[%emt 00:04:32]} 27. Bf1
{[%clk 00:33:51]} {[%emt 00:06:08]} Qe7 {[%clk 01:02:54]} {[%emt 00:03:28]} 28.
Bc4 {[%clk 00:30:11]} {[%emt 00:04:10]} Qxe4 {[%clk 00:56:51]} {[%emt
00:06:33]} 29. Re1 {[%clk 00:22:05]} {[%emt 00:08:36]} Qf5 {[%clk 00:46:16]}
{[%emt 00:11:03]} 30. Qe3 {[%clk 00:20:00]} {[%emt 00:02:36]} g6 {[%clk
00:44:01]} {[%emt 00:02:45]} 31. f4 {[%clk 00:13:55]} {[%emt 00:06:36]} Kg7
{[%clk 00:36:16]} {[%emt 00:08:14]} 32. Bd3 {[%clk 00:07:17]} {[%emt 00:07:08]}
Qf6 {[%clk 00:34:51]} {[%emt 00:01:55]} 33. b3 {[%clk 00:04:16]} {[%emt
00:03:32]} Rd7 {[%clk 00:31:52]} {[%emt 00:03:29]} 34. Bb5 {[%clk 00:03:45]}
{[%emt 00:01:01]} Re7 {[%clk 00:31:20]} {[%emt 00:01:01]} 35. Qf2 {[%clk
00:03:08]} {[%emt 00:01:08]} Rxe1+ {[%clk 00:30:24]} {[%emt 00:01:26]} 36. Qxe1
{[%clk 00:03:36]} {[%emt 00:00:02]} Nd4 {[%clk 00:30:15]} {[%emt 00:00:39]} 37.
Qf1 {[%clk 00:02:57]} {[%emt 00:01:09]} Nxb5 {[%clk 00:30:29]} {[%emt
00:00:16]} 38. Qxb5 {[%clk 00:03:17]} {[%emt 00:00:09]} Qa1+ {[%clk 00:30:54]}
{[%emt 00:00:05]} 39. Kg2 {[%clk 00:03:15]} {[%emt 00:00:32]} Qxa2+ {[%clk
00:31:15]} {[%emt 00:00:09]} 40. Kh3 {[%clk 00:03:31]} {[%emt 00:00:12]} Qd2
{[%clk 00:30:17]} {[%emt 00:01:29]} 41. Qa6 {[%clk 00:02:55]} {[%emt 00:01:07]}
Qd1 {[%clk 00:29:08]} {[%emt 00:01:38]} 42. Qa2 {[%clk 00:01:13]} {[%emt
00:02:13]} h5 {[%clk 00:26:34]} {[%emt 00:03:04]} 43. Qb2+ {[%clk 00:00:44]}
{[%emt 00:00:58]} Qd4 {[%clk 00:24:10]} {[%emt 00:02:54]} 44. Qa3 {[%clk
00:29:55]} {[%emt 00:01:18]} Qb4 {[%clk 00:53:11]} {[%emt 00:01:30]} 45. Qa1+
{[%clk 00:30:03]} {[%emt 00:00:22]} Kh7 {[%clk 00:52:58]} {[%emt 00:00:42]} 46.
Qd1 {[%clk 00:29:43]} {[%emt 00:00:51]} Qd4 {[%clk 00:51:56]} {[%emt 00:01:32]}
47. Qe2 {[%clk 00:29:01]} {[%emt 00:01:12]} a5 {[%clk 00:50:29]} {[%emt
00:01:58]} 48. Qb5 {[%clk 00:28:19]} {[%emt 00:01:12]} Qd5 {[%clk 00:49:45]}
{[%emt 00:01:13]} 49. Qa4 {[%clk 00:28:06]} {[%emt 00:00:43]} Qd3 {[%clk
00:47:53]} {[%emt 00:02:22]} 50. Qa2 {[%clk 00:28:02]} {[%emt 00:00:34]} Qf1+
{[%clk 00:47:25]} {[%emt 00:00:58]} 51. Kh4 {[%clk 00:28:11]} {[%emt 00:00:21]}
Qb5 {[%clk 00:47:22]} {[%emt 00:00:31]} 52. Kh3 {[%clk 00:27:01]} {[%emt
00:01:42]} d5 {[%clk 00:47:24]} {[%emt 00:00:28]} 53. Kg2 {[%clk 00:26:33]}
{[%emt 00:00:58]} c4 {[%clk 00:47:26]} {[%emt 00:00:29]} 54. bxc4 {[%clk
00:26:43]} {[%emt 00:00:20]} dxc4 {[%clk 00:47:50]} {[%emt 00:00:06]} 55. f5
{[%clk 00:25:58]} {[%emt 00:01:14]} Qd5+ {[%clk 00:44:50]} {[%emt 00:03:30]}
56. Kg1 {[%clk 00:26:09]} {[%emt 00:00:19]} Qxf5 {[%clk 00:44:12]} {[%emt
00:01:08]} 57. Qxc4 {[%clk 00:26:30]} {[%emt 00:00:08]} Qf6 {[%clk 00:44:08]}
{[%emt 00:00:33]} 58. Qa2 {[%clk 00:26:20]} {[%emt 00:00:42]} Qb6+ {[%clk
00:44:22]} {[%emt 00:00:16]} 59. Kg2 {[%clk 00:26:31]} {[%emt 00:00:19]} Qa7
{[%clk 00:43:55]} {[%emt 00:00:57]} 60. Qa4 {[%clk 00:26:38]} {[%emt 00:00:23]}
Qb7+ {[%clk 00:44:01]} {[%emt 00:00:23]} 61. Kg1 {[%clk 00:26:00]} {[%emt
00:01:09]} Qb4 {[%clk 00:43:10]} {[%emt 00:01:21]} 62. Qe8 {[%clk 00:25:48]}
{[%emt 00:00:42]} Qb3 {[%clk 00:43:26]} {[%emt 00:00:15]} 63. Qe5 {[%clk
00:25:23]} {[%emt 00:00:54]} a4 {[%clk 00:43:40]} {[%emt 00:00:16]} 64. Qf6
{[%clk 00:25:32]} {[%emt 00:00:20]} a3 {[%clk 00:43:42]} {[%emt 00:00:29]} 65.
Qe5 {[%clk 00:24:50]} {[%emt 00:01:12]} Qb2 {[%clk 00:43:42]} {[%emt 00:00:30]}
66. Qe7 {[%clk 00:24:55]} {[%emt 00:00:25]} Kg7 {[%clk 00:44:06]} {[%emt
00:00:06]} 0-1

[Event "ODJM A 2024"]
[Site "Willingen GER"]
[Date "2024.05.22"]
[Round "5"]
[White "Brunner, Tobias"]
[Black "Wübker, Paul-Luca"]
[Result "0-1"]
[Termination "normal"]
[Board "3"]
[WhiteElo "1997"]
[BlackElo "2267"]
[WhiteClock "00:17:50"]
[BlackClock "00:40:10"]
[PlyCount "42"]
[WhiteFideId "12949833"]
[BlackFideId "12939528"]
[EventCountry "GER"]
[EventRounds "9"]
[EventType "swiss"]
[EventDate "2024.05.18"]

1. e4 {[%clk 01:30:55]} {[%emt 00:00:04]} c5 {[%clk 01:30:56]} {[%emt
00:00:05]} 2. Nc3 {[%clk 01:31:16]} {[%emt 00:00:08]} Nc6 {[%clk 01:31:21]}
{[%emt 00:00:06]} 3. f4 {[%clk 01:31:06]} {[%emt 00:00:39]} e6 {[%clk
01:31:01]} {[%emt 00:00:51]} 4. Nf3 {[%clk 01:31:20]} {[%emt 00:00:15]} a6
{[%clk 01:28:52]} {[%emt 00:02:40]} 5. g3 {[%clk 01:25:53]} {[%emt 00:05:56]}
d6 {[%clk 01:26:58]} {[%emt 00:02:24]} 6. Bg2 {[%clk 01:26:04]} {[%emt
00:00:19]} g6 {[%clk 01:26:20]} {[%emt 00:01:09]} 7. d4 {[%clk 01:18:38]}
{[%emt 00:07:55]} cxd4 {[%clk 01:20:56]} {[%emt 00:05:54]} 8. Nxd4 {[%clk
01:18:22]} {[%emt 00:00:46]} Nge7 {[%clk 01:14:55]} {[%emt 00:06:31]} 9. Be3
{[%clk 01:08:55]} {[%emt 00:09:56]} Bg7 {[%clk 01:09:21]} {[%emt 00:06:05]} 10.
Qd2 {[%clk 01:08:00]} {[%emt 00:01:23]} O-O {[%clk 01:06:11]} {[%emt 00:03:41]}
11. O-O-O {[%clk 01:02:44]} {[%emt 00:05:45]} Na5 {[%clk 01:05:03]} {[%emt
00:01:38]} 12. Bf1 {[%clk 00:56:59]} {[%emt 00:06:15]} Qc7 {[%clk 01:05:14]}
{[%emt 00:00:20]} 13. h4 {[%clk 00:55:00]} {[%emt 00:02:29]} b5 {[%clk
01:02:54]} {[%emt 00:02:50]} 14. h5 {[%clk 00:52:40]} {[%emt 00:02:49]} b4
{[%clk 01:02:48]} {[%emt 00:00:37]} 15. Nce2 {[%clk 00:42:58]} {[%emt
00:10:11]} e5 {[%clk 00:43:34]} {[%emt 00:19:45]} 16. fxe5 {[%clk 00:32:37]}
{[%emt 00:10:51]} dxe5 {[%clk 00:43:56]} {[%emt 00:00:07]} 17. Bh6 {[%clk
00:32:22]} {[%emt 00:00:46]} Nc4 {[%clk 00:42:54]} {[%emt 00:01:33]} 18. Qd3
{[%clk 00:24:31]} {[%emt 00:08:20]} Bxh6+ {[%clk 00:43:06]} {[%emt 00:00:18]}
19. Kb1 {[%clk 00:24:56]} {[%emt 00:00:05]} Bg7 {[%clk 00:42:22]} {[%emt
00:01:14]} 20. hxg6 {[%clk 00:22:51]} {[%emt 00:02:35]} hxg6 {[%clk 00:42:34]}
{[%emt 00:00:18]} 21. Nf3 {[%clk 00:17:50]} {[%emt 00:05:30]} Bg4 {[%clk
00:40:10]} {[%emt 00:02:56]} 0-1

[Event "ODJM A 2024"]
[Site "Willingen GER"]
[Date "2024.05.22"]
[Round "5"]
[White "Paeslack, Luis"]
[Black "Sabirov, Rafael"]
[Result "1/2-1/2"]
[Termination "normal"]
[Board "4"]
[WhiteElo "2003"]
[BlackElo "2169"]
[WhiteClock "00:02:56"]
[BlackClock "00:01:16"]
[PlyCount "74"]
[WhiteFideId "12987760"]
[BlackFideId "16241185"]
[EventCountry "GER"]
[EventRounds "9"]
[EventType "swiss"]
[EventDate "2024.05.18"]

1. d4 {[%clk 01:30:25]} {[%emt 00:00:34]} d5 {[%clk 01:30:56]} {[%emt
00:00:05]} 2. c4 {[%clk 01:30:15]} {[%emt 00:00:39]} dxc4 {[%clk 01:31:21]}
{[%emt 00:00:05]} 3. Nc3 {[%clk 01:25:10]} {[%emt 00:05:35]} a6 {[%clk
01:31:14]} {[%emt 00:00:37]} 4. a4 {[%clk 01:19:17]} {[%emt 00:06:22]} Nc6
{[%clk 01:31:12]} {[%emt 00:00:32]} 5. d5 {[%clk 01:06:42]} {[%emt 00:13:06]}
Na5 {[%clk 01:29:43]} {[%emt 00:01:59]} 6. Bf4 {[%clk 01:00:20]} {[%emt
00:06:53]} Nf6 {[%clk 01:13:00]} {[%emt 00:17:13]} 7. Nf3 {[%clk 00:45:55]}
{[%emt 00:14:55]} e6 {[%clk 00:45:50]} {[%emt 00:27:40]} 8. dxe6 {[%clk
00:26:39]} {[%emt 00:19:46]} Bxe6 {[%clk 00:44:29]} {[%emt 00:01:52]} 9. Qc2
{[%clk 00:26:36]} {[%emt 00:00:34]} Bb4 {[%clk 00:42:38]} {[%emt 00:02:20]} 10.
e4 {[%clk 00:26:16]} {[%emt 00:00:49]} h6 {[%clk 00:36:11]} {[%emt 00:06:57]}
11. Be2 {[%clk 00:23:59]} {[%emt 00:02:47]} c6 {[%clk 00:34:45]} {[%emt
00:01:56]} 12. O-O {[%clk 00:21:01]} {[%emt 00:03:28]} O-O {[%clk 00:33:15]}
{[%emt 00:01:59]} 13. Na2 {[%clk 00:17:39]} {[%emt 00:03:53]} Bc5 {[%clk
00:26:25]} {[%emt 00:07:19]} 14. Be5 {[%clk 00:14:28]} {[%emt 00:03:41]} Nd7
{[%clk 00:22:11]} {[%emt 00:04:44]} 15. Rad1 {[%clk 00:13:42]} {[%emt
00:01:15]} b5 {[%clk 00:20:13]} {[%emt 00:02:29]} 16. Nd4 {[%clk 00:13:01]}
{[%emt 00:01:11]} Bxd4 {[%clk 00:15:03]} {[%emt 00:05:40]} 17. Bxd4 {[%clk
00:13:30]} {[%emt 00:00:01]} Nb3 {[%clk 00:15:12]} {[%emt 00:00:21]} 18. Bc3
{[%clk 00:08:52]} {[%emt 00:05:07]} Qc7 {[%clk 00:15:37]} {[%emt 00:00:06]} 19.
f4 {[%clk 00:08:00]} {[%emt 00:01:22]} f5 {[%clk 00:14:05]} {[%emt 00:02:02]}
20. Bf3 {[%clk 00:07:08]} {[%emt 00:01:22]} Nbc5 {[%clk 00:12:38]} {[%emt
00:01:57]} 21. axb5 {[%clk 00:04:53]} {[%emt 00:02:45]} axb5 {[%clk 00:09:42]}
{[%emt 00:03:26]} 22. Nb4 {[%clk 00:04:38]} {[%emt 00:00:45]} Qxf4 {[%clk
00:09:08]} {[%emt 00:01:03]} 23. e5 {[%clk 00:05:05]} {[%emt 00:00:03]} Nxe5
{[%clk 00:07:05]} {[%emt 00:02:33]} 24. Nxc6 {[%clk 00:04:09]} {[%emt
00:01:27]} Nxf3+ {[%clk 00:06:28]} {[%emt 00:01:07]} 25. Rxf3 {[%clk 00:04:37]}
{[%emt 00:00:01]} Qe4 {[%clk 00:01:53]} {[%emt 00:05:04]} 26. Ne7+ {[%clk
00:04:00]} {[%emt 00:01:07]} Kh7 {[%clk 00:01:29]} {[%emt 00:00:54]} 27. Rg3
{[%clk 00:03:19]} {[%emt 00:01:11]} g5 {[%clk 00:01:21]} {[%emt 00:00:38]} 28.
Qf2 {[%clk 00:02:16]} {[%emt 00:01:33]} Nd3 {[%clk 00:01:42]} {[%emt 00:00:10]}
29. Rgxd3 {[%clk 00:02:04]} {[%emt 00:00:42]} cxd3 {[%clk 00:01:56]} {[%emt
00:00:16]} 30. Re1 {[%clk 00:02:31]} {[%emt 00:00:03]} Qc4 {[%clk 00:01:53]}
{[%emt 00:00:32]} 31. Qb6 {[%clk 00:02:32]} {[%emt 00:00:29]} d2 {[%clk
00:01:13]} {[%emt 00:01:11]} 32. Bxd2 {[%clk 00:02:40]} {[%emt 00:00:21]} Bf7
{[%clk 00:00:39]} {[%emt 00:01:04]} 33. Bc3 {[%clk 00:02:14]} {[%emt 00:00:56]}
b4 {[%clk 00:00:38]} {[%emt 00:00:31]} 34. Qf6 {[%clk 00:01:50]} {[%emt
00:00:53]} bxc3 {[%clk 00:00:44]} {[%emt 00:00:25]} 35. Qxf5+ {[%clk 00:02:09]}
{[%emt 00:00:11]} Kh8 {[%clk 00:00:51]} {[%emt 00:00:23]} 36. Qf6+ {[%clk
00:02:31]} {[%emt 00:00:08]} Kh7 {[%clk 00:01:16]} {[%emt 00:00:05]} 37. Qf5+
{[%clk 00:02:56]} {[%emt 00:00:04]} Kg7 {[%emt 00:01:23]} 1/2-1/2

[Event "ODJM A 2024"]
[Site "Willingen GER"]
[Date "2024.05.22"]
[Round "5"]
[White "Kliashtornyi, Arkadii"]
[Black "Hofmann, Lorenz"]
[Result "1/2-1/2"]
[Termination "normal"]
[Board "6"]
[WhiteElo "1968"]
[BlackElo "2124"]
[WhiteClock "00:06:21"]
[BlackClock "00:01:33"]
[PlyCount "82"]
[WhiteFideId "34119698"]
[BlackFideId "12995509"]
[EventCountry "GER"]
[EventRounds "9"]
[EventType "swiss"]
[EventDate "2024.05.18"]

1. d4 {[%clk 01:30:47]} {[%emt 00:00:12]} d5 {[%clk 01:30:56]} {[%emt
00:00:04]} 2. Nf3 {[%clk 01:30:38]} {[%emt 00:00:38]} Nf6 {[%clk 01:31:21]}
{[%emt 00:00:05]} 3. g3 {[%clk 01:31:03]} {[%emt 00:00:05]} b5 {[%clk
01:31:44]} {[%emt 00:00:07]} 4. Bg2 {[%clk 01:29:30]} {[%emt 00:02:02]} e6
{[%clk 01:32:08]} {[%emt 00:00:07]} 5. O-O {[%clk 01:26:57]} {[%emt 00:03:03]}
Bb7 {[%clk 01:25:47]} {[%emt 00:06:51]} 6. a4 {[%clk 01:27:07]} {[%emt
00:00:20]} b4 {[%clk 01:24:55]} {[%emt 00:01:22]} 7. c4 {[%clk 01:26:32]}
{[%emt 00:01:04]} bxc3 {[%clk 01:16:10]} {[%emt 00:09:15]} 8. Nxc3 {[%clk
01:26:28]} {[%emt 00:00:35]} a5 {[%clk 01:15:00]} {[%emt 00:01:39]} 9. Bf4
{[%clk 01:23:03]} {[%emt 00:03:54]} Bb4 {[%clk 01:08:24]} {[%emt 00:07:07]} 10.
Rc1 {[%clk 01:17:23]} {[%emt 00:06:10]} Na6 {[%clk 01:06:58]} {[%emt 00:01:56]}
11. Ne5 {[%clk 01:13:07]} {[%emt 00:04:45]} Nd7 {[%clk 01:01:47]} {[%emt
00:05:42]} 12. e4 {[%clk 00:56:35]} {[%emt 00:17:02]} Nxe5 {[%clk 00:57:01]}
{[%emt 00:05:16]} 13. Bxe5 {[%clk 00:55:07]} {[%emt 00:01:59]} f6 {[%clk
00:54:46]} {[%emt 00:02:44]} 14. Bf4 {[%clk 00:52:37]} {[%emt 00:02:59]} O-O
{[%clk 00:47:46]} {[%emt 00:07:31]} 15. exd5 {[%clk 00:42:59]} {[%emt
00:10:09]} exd5 {[%clk 00:48:14]} {[%emt 00:00:02]} 16. Re1 {[%clk 00:36:37]}
{[%emt 00:06:51]} Qd7 {[%clk 00:47:32]} {[%emt 00:01:13]} 17. Qh5 {[%clk
00:31:18]} {[%emt 00:05:48]} c6 {[%clk 00:39:56]} {[%emt 00:08:06]} 18. Bh3
{[%clk 00:28:56]} {[%emt 00:02:52]} f5 {[%clk 00:40:16]} {[%emt 00:00:10]} 19.
Re3 {[%clk 00:26:02]} {[%emt 00:03:24]} g6 {[%clk 00:38:32]} {[%emt 00:02:14]}
20. Qf3 {[%clk 00:24:39]} {[%emt 00:01:53]} Rae8 {[%clk 00:32:25]} {[%emt
00:06:37]} 21. Rce1 {[%clk 00:24:15]} {[%emt 00:00:54]} Rxe3 {[%clk 00:31:18]}
{[%emt 00:01:37]} 22. Qxe3 {[%clk 00:22:12]} {[%emt 00:02:33]} Nc7 {[%clk
00:28:22]} {[%emt 00:03:26]} 23. Bxc7 {[%clk 00:18:21]} {[%emt 00:04:22]} Qxc7
{[%clk 00:28:51]} 24. Qe6+ {[%clk 00:18:34]} {[%emt 00:00:16]} Qf7 {[%clk
00:28:48]} {[%emt 00:00:34]} 25. Qxf7+ {[%clk 00:15:19]} {[%emt 00:03:45]} Kxf7
{[%clk 00:28:50]} {[%emt 00:00:27]} 26. Bg2 {[%clk 00:13:57]} {[%emt 00:01:52]}
Re8 {[%clk 00:28:10]} {[%emt 00:01:11]} 27. Re3 {[%clk 00:11:09]} {[%emt
00:03:17]} Bf8 {[%clk 00:28:23]} {[%emt 00:00:18]} 28. Ne2 {[%clk 00:09:49]}
{[%emt 00:01:50]} Bg7 {[%clk 00:27:41]} {[%emt 00:01:12]} 29. Bf3 {[%clk
00:08:48]} {[%emt 00:01:31]} Ba6 {[%clk 00:27:28]} {[%emt 00:00:43]} 30. b3
{[%clk 00:08:05]} {[%emt 00:01:13]} Bh6 {[%clk 00:17:19]} {[%emt 00:10:39]} 31.
Rxe8 {[%clk 00:07:57]} {[%emt 00:00:38]} Kxe8 {[%clk 00:17:48]} 32. Nf4 {[%clk
00:07:01]} {[%emt 00:01:26]} Ke7 {[%clk 00:16:06]} {[%emt 00:02:12]} 33. Be2
{[%clk 00:07:11]} {[%emt 00:00:20]} Bxe2 {[%clk 00:14:05]} {[%emt 00:02:31]}
34. Nxe2 {[%clk 00:07:39]} {[%emt 00:00:02]} Kd6 {[%clk 00:14:08]} {[%emt
00:00:26]} 35. f4 {[%clk 00:06:49]} {[%emt 00:01:19]} c5 {[%clk 00:11:51]}
{[%emt 00:02:48]} 36. Kf2 {[%clk 00:06:07]} {[%emt 00:01:12]} cxd4 {[%clk
00:10:50]} {[%emt 00:01:31]} 37. Nc1 {[%clk 00:05:44]} {[%emt 00:00:52]} d3
{[%clk 00:07:36]} {[%emt 00:03:45]} 38. Nxd3 {[%clk 00:06:12]} {[%emt
00:00:02]} Bg7 {[%clk 00:07:35]} {[%emt 00:00:32]} 39. Ke3 {[%clk 00:05:52]}
{[%emt 00:00:49]} d4+ {[%clk 00:07:37]} {[%emt 00:00:28]} 40. Ke2 {[%clk
00:06:04]} {[%emt 00:00:19]} Kd5 {[%clk 00:08:00]} {[%emt 00:00:07]} 41. Kf3
{[%clk 00:06:21]} {[%emt 00:00:11]} Bf6 {[%clk 00:01:33]} {[%emt 00:06:58]}
1/2-1/2